Geneza miesięcy i dni tygodnia - Statystyki

Ogólne statystyki
  • Ten quiz został rozwiązany 17 razy
  • Średni wynik to 18 z 19
Statystyki odpowiedzi
Geneza Nazwa % Poprawnych
czerw czerwiec
100%
czwarty czwartek
100%
gruda (zamarznięta ziemia) grudzien
100%
kwiaty kwiecień
100%
lipa lipiec
100%
"____" - srogi mróz luty
100%
bogini Maja maj
100%
spadanie liści z drzew listopad
94%
bóg Mars marzec
94%
paździerz pazdziernik
94%
piaty piatek
94%
po niedzieli poniedzialek
94%
sierp sierpien
94%
Szabat sobota
94%
srodek sroda
94%
stykanie się roków styczen
94%
wrzos wrzesien
94%
wtory (drugi) wtorek
94%
nie działac niedziela
88%
Nie znaleziono quizów pasujących do podanych kryteriów
Rozkład punktacji
Procent ludzi z każdym wynikiem
Percentyl według liczby udzielonych odpowiedzi
Twoja historia wyników
Nie rozwiązałeś tego quizu